The Scottish forestry strategy (Record no. 107615)

MARC details
000 -LEADER
fixed length control field 01041cad a22001935a 4500
001 - CONTROL NUMBER
control field E141230
008 - FIXED-LENGTH DATA ELEMENTS--GENERAL INFORMATION
fixed length control field 071105n2007 stk f s000 0 eng d
035 ## - SYSTEM CONTROL NUMBER
System control number (Sirsi) u141230
041 0# - LANGUAGE CODE
Language code of text/sound track or separate title eng
050 04 - LIBRARY OF CONGRESS CALL NUMBER
Classification number 634.92 $2 18
110 1# - MAIN ENTRY--CORPORATE NAME
Corporate name or jurisdiction name as entry element Scotland
Subordinate unit Scottish Executive
9 (RLIN) 4769
245 04 - TITLE STATEMENT
Title The Scottish forestry strategy
Remainder of title implementation plan 2007-2008
Medium [electronic resource]
260 ## - PUBLICATION, DISTRIBUTION, ETC.
Place of publication, distribution, etc. Edinburgh
Name of publisher, distributor, etc. Forestry Commission Scotland
Date of publication, distribution, etc. 2007
520 ## - SUMMARY, ETC.
Summary, etc. Contains over 120 specific action points for 2007-2008. Key issues for action include: tackling climate change, promotion of timber, business development, boosting community involvement, improving access and health and enhacing biodiversity. It has the full backing of 46 organisations which will help carry out the work with FCS.
651 #4 - SUBJECT ADDED ENTRY--GEOGRAPHIC NAME
Geographic name Scotland
Chronological subdivision 1999-
690 ## - LOCAL SUBJECT ADDED ENTRY--TOPICAL TERM (OCLC, RLIN)
Topical term or geographic name as entry element ENVIRONMENTAL AND LAND CONSULTANCY-FORESTRY AND WOODLAND MANAGEMENT-FORESTRY
856 41 - ELECTRONIC LOCATION AND ACCESS
Uniform Resource Identifier <a href="https://www.forestry.gov.uk/forestry/infd-6aggzw">https://www.forestry.gov.uk/forestry/infd-6aggzw</a>
Public note View the document free of charge at www.forestry.gov.uk...
942 ## - ADDED ENTRY ELEMENTS (KOHA)
Suppress in OPAC 0
Holdings
Withdrawn status Lost status Source of classification or shelving scheme Damaged status Not for loan Home library Current library Shelving location Date acquired Total Checkouts Full call number Barcode Date last seen Copy number Price effective from Koha item type
    Dewey Decimal Classification     Virtual Virtual Online 05/11/2007   ONLINE PUBLICATION 141230-2001 06/08/2019 1 06/08/2019 Book